000 01311nam1a22003011i 4500
001 rc\2852408
005 20240726085211.0
035 _a(NLR Aleph) 007007194
090 _a5778410
_c5778410
100 _a20110705d1931 |||y0rusy50 ca
101 1 _arus
_cfre
102 _aRU
105 _ay z |||||
200 1 _aРуководство по патологии и терапии внутренних болезней
_fФ. Безансон, М. Лаббэ, Л. Бернар, Ж.- А. Сикар
205 _aПер. со 2-го фр. изд. Под общ. ред. проф. М. П. Кончаловского
210 _aМосква
_aЛенинград
_cОгиз - гос. мед. изд.
_d1931
_e[Москва]
_gтип. "Красный воин"
215 _d21×15 см
300 _aНа обороте доб. тит. л.: F. Besançon, Marcel Labbé, Léon Bernard, J.-A. Sicard. "Précis de pathologie médicale".
513 0 0 _aPrécis de pathologie médicale
_zfre
701 1 _aБезансон
_bФ.
701 1 _aЛаббэ
_bМ.
701 1 _aБернар
_bЛ.
701 1 _aСикар
_bЖ. -А.
702 1 _aКончаловский
_bМ.П.
_gМаксим Петрович
_4340
801 0 _aRU
_bNLR
_gpsbo
801 1 _aRU
_bELAR
_2rusmarc
852 _aNLR
_j31-17/426(2)
942 _cBOOK